Riders MotoGP 2026 - Statistics

General Stats
  • This quiz has been taken 23 times
  • The average score is 20 of 22
Answer Stats
Equipe Pilotes % Correct
Alex Marquez
100%
Ducati Lenovo Francesco Bagnaia
100%
Franco Morbidelli
100%
Jorge Martin
100%
Marc Marquez
100%
Aprilia Factory Marco Bezzecchi
100%
KTM Factory Pedro Acosta
100%
Brad Binder
94%
Ducati VR46 Fabio Di Giannantonio
94%
Yamaha Factory Fabio Quartararo
94%
Ducati Gresini Fermin Aldeguer
94%
Yamaha Pramac Jack Miller
94%
Joan Mir
94%
Johann Zarco
94%
Honda HRC Luca Marini
94%
Trackhouse Aprilia Raul Fernandez
94%
Alex Rins
89%
Ai Ogura
83%
Maverick Viñales
83%
KTM Tech3 Enea Bastianini
78%
Toprak Razgatlioglu
72%
LCR Honda Diogo Moreira
67%
No matching quizzes found
Score Distribution
Percent of People with Each Score
Percentile by Number Answered
Your Score History
You have not taken this quiz